[Event "30th Klatovy C 2024"]
[Site "Klatovy CZE"]
[Date "2024.06.29"]
[Round "1.11"]
[White "Malik, Zdenek"]
[Black "Danek, Vaclav"]
[Result "0-1"]
[WhiteElo "1678"]
[BlackElo "1922"]
[PlyCount "84"]
[EventDate "2024.06.29"]
[EventType "swiss"]
[EventRounds "9"]
[EventCountry "CZE"]

1. e4 e5 2. Nf3 d6 3. d4 Nd7 4. dxe5 dxe5 5. Bc4 Be7 6. Qd5 Nh6 7. Bxh6 O-O 8. Be3 c6 9. Qd2 Qc7 10. Nc3 Nf6 11. O-O b5 12. Bd3 b4 13. Na4 c5 14. c4 Bg4 15. Ne1 Rad8 16. b3 Nxe4 17. Qc2 Nf6 18. f4 g6 19. fxe5 Qxe5 20. Nf3 Qxe3+ 21. Kh1 Qxd3 22. Qxd3 Rxd3 23. Ne5 Re3 24. Nc6 Kg7 25. Nxe7 Rxe7 26. Nxc5 Bc8 27. Nd3 Rd8 28. Nxb4 Bb7 29. h3 a5 30. Nc2 Rd2 31. Rfe1 Bxg2+ 32. Kg1 Rxe1+ 33. Nxe1 Bxh3 34. a3 Rb2 35. b4 axb4 36. Nd3 Rc2 37. Nxb4 Rxc4 38. Nd3 Bf5 39. Nf2 Ra4 40. Nd1 Ne4 41. Ne3 Be6 42. Kg2 f5 0-1

[Event "30th Klatovy C 2024"]
[Site "Klatovy CZE"]
[Date "2024.06.29"]
[Round "1.12"]
[White "Zidu, Jan"]
[Black "Stross, Frantisek 1952"]
[Result "1-0"]
[WhiteElo "1905"]
[BlackElo "1674"]
[PlyCount "93"]
[EventDate "2024.06.29"]
[EventType "swiss"]
[EventRounds "9"]
[EventCountry "CZE"]

1. e4 e5 2. Nf3 Nc6 3. Bb5 Bc5 4. O-O d6 5. d4 exd4 6. Nxd4 Bd7 7. Nxc6 bxc6 8. Bc4 Nf6 9. Nc3 h6 10. Bf4 Be6 11. Bxe6 fxe6 12. e5 dxe5 13. Bxe5 Bd6 14. Qe2 O-O 15. Rfe1 Re8 16. Rad1 Qe7 17. Qc4 Qd7 18. Rd3 Nd5 19. Qe4 Rab8 20. Ne2 Rb4 21. Rd4 c5 22. Rxb4 cxb4 23. Nd4 c5 24. Nf3 a5 25. h4 a4 26. c4 bxc3 27. bxc3 a3 28. c4 Nf6 29. Bxf6 gxf6 30. Qg6+ Kf8 31. Qxf6+ Qf7 32. Qxh6+ Kg8 33. Re4 Qh7 34. Rg4+ Kh8 35. Qc1 Rg8 36. Ng5 Rxg5 37. Rxg5 Qxh4 38. Qc3+ e5 39. Qg3 Qxg3 40. Rxg3 Kh7 41. Rxa3 Kg7 42. Ra6 Be7 43. Ra7 Kf6 44. Rxe7 Kxe7 45. f3 Kd6 46. Kf2 Kc6 47. g4 1-0

[Event "30th Klatovy C 2024"]
[Site "Klatovy CZE"]
[Date "2024.06.29"]
[Round "1.13"]
[White "Novy, Jaroslav"]
[Black "Cecil, Pavel"]
[Result "1/2-1/2"]
[WhiteElo "1654"]
[BlackElo "1896"]
[PlyCount "29"]
[EventDate "2024.06.29"]
[EventType "swiss"]
[EventRounds "9"]
[EventCountry "CZE"]

1. e4 e6 2. d4 d5 3. exd5 exd5 4. c4 Nf6 5. Nc3 Bb4 6. a3 Bxc3+ 7. bxc3 a6 8. Nf3 O-O 9. Be2 Bg4 10. O-O Re8 11. Re1 dxc4 12. Ne5 Bxe2 13. Qxe2 Nc6 14. Qxc4 Nxe5 15. dxe5 1/2-1/2

[Event "30th Klatovy C 2024"]
[Site "Klatovy CZE"]
[Date "2024.06.29"]
[Round "1.14"]
[White "Zednik, Zdenek"]
[Black "Nussbauer, Ladislav"]
[Result "1-0"]
[WhiteElo "1882"]
[BlackElo "1652"]
[PlyCount "93"]
[EventDate "2024.06.29"]
[EventType "swiss"]
[EventRounds "9"]
[EventCountry "CZE"]

1. Nf3 e6 2. b3 d5 3. Bb2 Nf6 4. c4 c6 5. e3 Bd6 6. d4 O-O 7. Bd3 Nbd7 8. O-O Qc7 9. Nc3 Re8 10. Rc1 a6 11. h3 Qb8 12. e4 Bf4 13. Rc2 dxe4 14. Nxe4 Nxe4 15. Bxe4 Nf6 16. Bd3 Nd7 17. Re2 Nb6 18. Bb1 Bd7 19. Qd3 f5 20. Rfe1 Qc7 21. g3 Bh6 22. Ne5 Rad8 23. Qc3 Bc8 24. Qa5 Nd5 25. Qxc7 Nxc7 26. Bc3 Re7 27. Bb4 Ree8 28. Ba5 Re7 29. Bb6 g6 30. Nd3 Bg7 31. Nc5 Rde8 32. Nd3 Kf7 33. Ne5+ Bxe5 34. Rxe5 Kf6 35. Bd3 Rd7 36. Bf1 Na8 37. Ba5 Kf7 38. Bc3 Rde7 39. Bg2 Nb6 40. Bb4 Rd7 41. Bc5 Na8 42. d5 cxd5 43. cxd5 Rc7 44. Bd6 Rd7 45. dxe6+ Rxe6 46. Rxe6 Rxd6 47. Rxd6 1-0

[Event "30th Klatovy C 2024"]
[Site "Klatovy CZE"]
[Date "2024.06.29"]
[Round "1.15"]
[White "Ruzickova, Helena"]
[Black "Fiser, Jiri2"]
[Result "0-1"]
[WhiteElo "1651"]
[BlackElo "1877"]
[PlyCount "82"]
[EventDate "2024.06.29"]
[EventType "swiss"]
[EventRounds "9"]
[EventCountry "CZE"]

1. e4 c5 2. Nc3 a6 3. Nf3 Nc6 4. d4 cxd4 5. Nxd4 e5 6. Nxc6 bxc6 7. Bc4 Nf6 8. O-O Be7 9. a3 O-O 10. Be3 d6 11. h3 Rb8 12. b3 a5 13. f3 Be6 14. Bxe6 fxe6 15. Ne2 d5 16. Ng3 d4 17. Bd2 Qb6 18. Kh1 Nd7 19. Qe1 Ra8 20. Nh5 g6 21. Ng3 Bh4 22. Kh2 Nf6 23. Qd1 Bxg3+ 24. Kxg3 c5 25. Qe2 a4 26. b4 Rfc8 27. c3 c4 28. Kh2 Qc6 29. Rac1 Ra7 30. g4 Rf7 31. Qf2 Nxe4 32. Qe2 Nxd2 33. Qxd2 d3 34. Qe3 Qd6 35. Rcd1 e4+ 36. Kg2 exf3+ 37. Rxf3 Rxf3 38. Qxf3 Rf8 39. Qe3 Qd5+ 40. Kg1 Rf3 41. Qd4 Rg3+ 0-1

[Event "30th Klatovy C 2024"]
[Site "Klatovy CZE"]
[Date "2024.06.29"]
[Round "1.16"]
[White "Kriha, Pavel"]
[Black "Novy, Jan"]
[Result "1/2-1/2"]
[WhiteElo "1877"]
[BlackElo "1599"]
[PlyCount "71"]
[EventDate "2024.06.29"]
[EventType "swiss"]
[EventRounds "9"]
[EventCountry "CZE"]

1. c4 c5 2. Nc3 Nf6 3. Nf3 Nc6 4. d4 e6 5. d5 Ne7 6. e4 d6 7. h3 e5 8. Bd3 g6 9. Bg5 Bg7 10. Qd2 O-O 11. O-O Kh8 12. Nh2 Nfg8 13. f4 f6 14. Bh4 exf4 15. Bf2 Bh6 16. Qe2 a6 17. Be1 Bd7 18. Bd2 g5 19. h4 Ng6 20. hxg5 fxg5 21. Qh5 Be8 22. Be2 Ne5 23. Qh3 Bd7 24. g4 Kg7 25. Nd1 Qc8 26. Bc3 Nf6 27. Nf2 Kg6 28. Nd3 Re8 29. Nxe5+ dxe5 30. Kg2 Qd8 31. Nf3 Bxg4 32. Nxe5+ Rxe5 33. Bxg4 Nxg4 34. Bxe5 Ne3+ 35. Kf2 Nxf1 36. Rxf1 1/2-1/2

[Event "30th Klatovy C 2024"]
[Site "Klatovy CZE"]
[Date "2024.06.29"]
[Round "1.17"]
[White "Tomecek, Marian"]
[Black "Vachal, Josef"]
[Result "0-1"]
[WhiteElo "1588"]
[BlackElo "1858"]
[PlyCount "58"]
[EventDate "2024.06.29"]
[EventType "swiss"]
[EventRounds "9"]
[EventCountry "CZE"]

1. e4 d5 2. e5 e6 3. d4 c5 4. c3 Nc6 5. Nf3 Qb6 6. Qa4 Bd7 7. Bb5 Nxe5 8. Bxd7+ Nxd7 9. O-O cxd4 10. Nxd4 Ngf6 11. b4 Be7 12. Nd2 O-O 13. N2f3 Rfc8 14. Bd2 Qd8 15. Rac1 Ne4 16. Be1 Nb6 17. Qb5 Rc4 18. Ne5 a6 19. Qa5 Bxb4 20. cxb4 Rxc1 21. Qa3 Rac8 22. Qh3 Qf6 23. Ndf3 Rd1 24. Ng4 Qa1 25. Nge5 Rcc1 26. Qh4 Nf6 27. Qg3 Rxe1 28. Nxe1 Rxe1 29. Qd3 Rxf1+ 0-1

[Event "30th Klatovy C 2024"]
[Site "Klatovy CZE"]
[Date "2024.06.29"]
[Round "1.18"]
[White "Pokora, Lubomir"]
[Black "Zimmermann, Ladislav"]
[Result "1-0"]
[WhiteElo "1857"]
[BlackElo "1581"]
[PlyCount "33"]
[EventDate "2024.06.29"]
[EventType "swiss"]
[EventRounds "9"]
[EventCountry "CZE"]

1. e4 e5 2. Nf3 Nc6 3. Nc3 Nge7 4. Bc4 h6 5. O-O Ng6 6. d4 Bb4 7. Nd5 Bd6 8. a3 Nh4 9. dxe5 Nxf3+ 10. Qxf3 Nxe5 11. Qb3 Nxc4 12. Qxc4 c6 13. Ne3 O-O 14. Nf5 Be5 15. f4 d5 16. exd5 Qxd5 17. Ne7+ 1-0

[Event "30th Klatovy C 2024"]
[Site "Klatovy CZE"]
[Date "2024.06.29"]
[Round "1.19"]
[White "Stanke, Vilem"]
[Black "Havelka, Petr"]
[Result "0-1"]
[WhiteElo "1572"]
[BlackElo "1851"]
[PlyCount "86"]
[EventDate "2024.06.29"]
[EventType "swiss"]
[EventRounds "9"]
[EventCountry "CZE"]

1. e4 d5 2. exd5 Qxd5 3. Nc3 Qd8 4. d4 Nf6 5. Nf3 e6 6. Bc4 Be7 7. d5 exd5 8. Nxd5 Nxd5 9. Qxd5 Qxd5 10. Bxd5 c6 11. Bb3 Bf6 12. c3 Bf5 13. Bg5 Bxg5 14. Nxg5 O-O 15. O-O h6 16. Nf3 Nd7 17. Nd4 Bg6 18. Bc2 Bxc2 19. Nxc2 Nc5 20. b3 Rad8 21. Rfd1 Ne4 22. c4 Nc3 23. Rxd8 Rxd8 24. Ne3 Rd2 25. a3 a5 26. Kf1 Rb2 27. b4 axb4 28. axb4 Rxb4 29. Rc1 Ne4 30. Ke2 g6 31. Rc2 Kg7 32. Kd3 Nc5+ 33. Kd4 Ne6+ 34. Ke5 h5 35. h3 Rb3 36. h4 Nc5 37. Kd4 b6 38. Ke5 Rd3 39. Rb2 Rxe3+ 40. fxe3 Nd3+ 41. Kd6 Nxb2 42. Kxc6 Nxc4 43. e4 Kf6 0-1

[Event "30th Klatovy C 2024"]
[Site "Klatovy CZE"]
[Date "2024.06.30"]
[Round "2.6"]
[White "Danek, Vaclav"]
[Black "Provaznik, Jan 1965"]
[Result "0-1"]
[WhiteElo "1922"]
[BlackElo "1589"]
[PlyCount "68"]
[EventDate "2024.06.29"]
[EventType "swiss"]
[EventRounds "9"]
[EventCountry "CZE"]

1. e4 {[%emt 0:00:04]} d6 {[%emt 0:00:11]} 2. d4 {[%emt 0:00:11]} Nf6 {[%emt 0:00:09]} 3. Bd3 {[%emt 0:00:10]} c6 {[%emt 0:00:41]} 4. f4 {[%emt 0:00:10]} e6 {[%emt 0:00:58]} 5. Nf3 {[%emt 0:00:09]} Be7 {[%emt 0:00:53]} 6. c4 {[%emt 0:00:25]} a6 {[%emt 0:01:22]} 7. a4 {[%emt 0:00:28]} O-O {[%emt 0:00:38]} 8. O-O {[%emt 0:00:27]} a5 {[%emt 0:02:35]} 9. Qc2 {[%emt 0:01:34]} Na6 {[%emt 0:02:53]} 10. e5 {[%emt 0:01:12]} Nb4 {[%emt 0:00:36]} 11. exf6 {[%emt 0:00:37]} Nxc2 {[%emt 0:00:48]} 12. fxe7 {[%emt 0:00:16]} Qxe7 {[%emt 0:00:49]} 13. Bxc2 {[%emt 0:00:15]} c5 {[%emt 0:03:58]} 14. Be3 {[%emt 0:02:53]} h6 {[%emt 0:01:38]} 15. Nc3 {[%emt 0:00:12]} Bd7 {[%emt 0:01:45]} 16. Rae1 {[%emt 0:00:18]} cxd4 {[%emt 0:03:33]} 17. Bxd4 {[%emt 0:00:47]} Qd8 {[%emt 0:03:02]} 18. Kh1 {[%emt 0:02:27]} Qc7 {[%emt 0:01:58]} 19. b3 {[%emt 0:00:35]} Bc6 {[%emt 0:02:26]} 20. Ne4 {[%emt 0:02:16]} f6 {[%emt 0:05:24]} 21. Bb2 {[%emt 0:01:15]} Rfe8 {[%emt 0:05:19]} 22. Rd1 {[%emt 0:00:58]} d5 {[%emt 0:01:48]} 23. Ned2 {[%emt 0:02:20]} Qxf4 {[%emt 0:02:22]} 24. Ne5 {[%emt 0:00:48]} Qe3 {[%emt 0:04:50]} 25. Rfe1 {[%emt 0:04:39]} Qb6 {[%emt 0:00:59]} 26. Nxc6 {[%emt 0:00:28]} bxc6 {[%emt 0:01:47]} 27. Bg6 {[%emt 0:00:17]} Red8 {[%emt 0:08:34]} 28. c5 {[%emt 0:01:46]} Qxc5 {[%emt 0:02:11]} 29. Rxe6 {[%emt 0:00:22]} Qb6 {[%emt 0:04:29]} 30. Bc2 {[%emt 0:04:33]} Re8 {[%emt 0:03:48]} 31. Rxe8+ {[%emt 0:02:42]} Rxe8 {[%emt 0:00:12]} 32. Bd3 {[%emt 0:00:38]} Qf2 {[%emt 0:02:19]} 33. Bc2 {[%emt 0:03:36]} Qb6 {[%emt 0:00:02]} 34. Nf3 {[%emt 0:00:02]} Qf2 {[%emt 0:00:27]} 0-1

[Event "30th Klatovy C 2024"]
[Site "Klatovy CZE"]
[Date "2024.06.30"]
[Round "2.11"]
[White "Svec, Ludek"]
[Black "Navratil, Jiri"]
[Result "1/2-1/2"]
[WhiteElo "1764"]
[BlackElo "1935"]
[PlyCount "39"]
[EventDate "2024.06.29"]
[EventType "swiss"]
[EventRounds "9"]
[EventCountry "CZE"]

1. d4 d5 2. Nf3 Nf6 3. g3 c6 4. Bg2 Bf5 5. O-O h6 6. Nbd2 Nbd7 7. c4 e6 8. Qb3 Qb6 9. c5 Qxb3 10. axb3 Be7 11. b4 O-O 12. h3 Bd8 13. Nb3 Bc7 14. Bf4 Bxf4 15. gxf4 Ne4 16. Ne5 Nxe5 17. fxe5 f6 18. f4 a6 19. Kh2 Rf7 20. Bf3 1/2-1/2

[Event "30th Klatovy C 2024"]
[Site "Klatovy CZE"]
[Date "2024.06.30"]
[Round "2.12"]
[White "Cecil, Pavel"]
[Black "Macho, Miloslav"]
[Result "0-1"]
[WhiteElo "1896"]
[BlackElo "1845"]
[PlyCount "52"]
[EventDate "2024.06.29"]
[EventType "swiss"]
[EventRounds "9"]
[EventCountry "CZE"]

1. d4 Nf6 2. g3 e6 3. Bg2 d5 4. c4 c6 5. cxd5 exd5 6. Nf3 Bb4+ 7. Bd2 Qe7 8. a3 Bd6 9. Nc3 O-O 10. O-O Re8 11. Re1 Nbd7 12. Qc1 Ne4 13. Nxe4 Qxe4 14. Nh4 Qxd4 15. Nf5 Qf6 16. Nxd6 Qxd6 17. Bf4 Qf6 18. b4 a6 19. e4 d4 20. Bg5 Qe5 21. Bd2 Nf8 22. f4 Qh5 23. Qc4 Bh3 24. Qxd4 Bxg2 25. Kxg2 Rad8 26. Qe3 Rxe4 0-1

[Event "30th Klatovy C 2024"]
[Site "Klatovy CZE"]
[Date "2024.06.30"]
[Round "2.13"]
[White "Rychtecky, Pavel"]
[Black "Kriha, Pavel"]
[Result "0-1"]
[WhiteElo "1719"]
[BlackElo "1877"]
[PlyCount "100"]
[EventDate "2024.06.29"]
[EventType "swiss"]
[EventRounds "9"]
[EventCountry "CZE"]

1. e4 c6 2. d4 d5 3. Nc3 dxe4 4. Nxe4 Bf5 5. Ng3 Bg6 6. Nf3 Nd7 7. Be3 e6 8. h4 h6 9. h5 Bh7 10. Bd3 Bxd3 11. Qxd3 Ngf6 12. O-O-O Bd6 13. Ne4 Nxe4 14. Qxe4 Nf6 15. Qd3 Qa5 16. Kb1 Rd8 17. Bd2 Qc7 18. c4 Ng4 19. Qe2 Bf4 20. g3 Bxd2 21. Rxd2 O-O 22. Rh4 Nf6 23. g4 Qf4 24. g5 Qf5+ 25. Qd3 Qxd3+ 26. Rxd3 hxg5 27. Nxg5 c5 28. h6 Rxd4 29. Rdxd4 cxd4 30. hxg7 Kxg7 31. Rxd4 Kg6 32. Nf3 Rh8 33. Ne5+ Kg7 34. Kc2 Rh2 35. Rf4 Rh5 36. Ng4 Nxg4 37. Rxg4+ Kf6 38. Kd3 Rf5 39. f4 Rh5 40. Rg3 Rh2 41. Kc3 Kf5 42. Rg7 Kf6 43. Rg4 Rh7 44. b4 Kf5 45. Rg3 Kxf4 46. Rd3 f5 47. c5 e5 48. a4 e4 49. Rd2 e3 50. Rd6 Re7 0-1

[Event "30th Klatovy C 2024"]
[Site "Klatovy CZE"]
[Date "2024.06.30"]
[Round "2.14"]
[White "Novy, Jan"]
[Black "Vavrinek, Tomas"]
[Result "1-0"]
[WhiteElo "1599"]
[BlackElo "1827"]
[PlyCount "61"]
[EventDate "2024.06.29"]
[EventType "swiss"]
[EventRounds "9"]
[EventCountry "CZE"]

1. Nf3 d5 2. c4 d4 3. e3 c5 4. b4 dxe3 5. fxe3 e6 6. Bb2 Nf6 7. bxc5 Bxc5 8. d4 Bb4+ 9. Bc3 Be7 10. Bd3 O-O 11. O-O b6 12. Nbd2 Bb7 13. e4 Nbd7 14. e5 Ng4 15. Qe2 Rc8 16. Rae1 h5 17. h3 Nh6 18. Nh2 Bh4 19. Rd1 g6 20. Nhf3 Bg3 21. Bb4 Re8 22. Ne4 Nf5 23. Nd6 Nxd6 24. Bxd6 f5 25. exf6 Bxd6 26. f7+ Kxf7 27. Ne5+ Kg7 28. Rf7+ Kh6 29. Rxd7 Bxe5 30. Rxd8 Bxd4+ 31. Rxd4 1-0

[Event "30th Klatovy C 2024"]
[Site "Klatovy CZE"]
[Date "2024.06.30"]
[Round "2.15"]
[White "Turner, Radek"]
[Black "Ruzickova, Helena"]
[Result "1-0"]
[WhiteElo "2012"]
[BlackElo "1651"]
[PlyCount "77"]
[EventDate "2024.06.29"]
[EventType "swiss"]
[EventRounds "9"]
[EventCountry "CZE"]

1. c4 g6 2. g3 Bg7 3. Bg2 Nf6 4. Nc3 c6 5. Nf3 d6 6. d4 Be6 7. b3 Qd7 8. Ng5 Bf5 9. e4 Bg4 10. Qd3 h6 11. f3 hxg5 12. fxg4 Qxg4 13. h3 Qh5 14. Bf3 Qh6 15. h4 Qh7 16. hxg5 Qxh1+ 17. Bxh1 Rxh1+ 18. Kd2 Rh2+ 19. Ne2 Nh5 20. Bb2 Rh3 21. Qf3 Nd7 22. Qg2 Nf4 23. Nxf4 Rh8 24. Rh1 O-O-O 25. Rxh8 Rxh8 26. Kc2 e5 27. dxe5 dxe5 28. Nd3 b6 29. a4 a5 30. Bc1 Kc7 31. Qf2 f6 32. c5 Rf8 33. cxb6+ Nxb6 34. Be3 Nd7 35. Qd2 Ra8 36. Nc5 Nxc5 37. Bxc5 Kc8 38. Qd6 Ra6 39. Qe6+ 1-0

[Event "30th Klatovy C 2024"]
[Site "Klatovy CZE"]
[Date "2024.06.30"]
[Round "2.16"]
[White "Truksa, Vaclav"]
[Black "Tomecek, Marian"]
[Result "1/2-1/2"]
[WhiteElo "1818"]
[BlackElo "1588"]
[PlyCount "28"]
[EventDate "2024.06.29"]
[EventType "swiss"]
[EventRounds "9"]
[EventCountry "CZE"]

1. d4 d5 2. Bf4 e6 3. e3 Nf6 4. Bd3 Nc6 5. c3 Bd6 6. Nf3 Bxf4 7. exf4 b6 8. Ne5 Nxe5 9. fxe5 Ne4 10. O-O O-O 11. f3 Ng5 12. h4 Nh3+ 13. gxh3 Qxh4 14. f4 Qg3+ 1/2-1/2

[Event "30th Klatovy C 2024"]
[Site "Klatovy CZE"]
[Date "2024.06.30"]
[Round "2.17"]
[White "Stross, Frantisek 1952"]
[Black "Novotny, Jaromir"]
[Result "1/2-1/2"]
[WhiteElo "1674"]
[BlackElo "1788"]
[PlyCount "45"]
[EventDate "2024.06.29"]
[EventType "swiss"]
[EventRounds "9"]
[EventCountry "CZE"]

1. e4 d6 2. Bc4 Nc6 3. d3 Nf6 4. h3 g6 5. f4 e5 6. Nf3 Bg7 7. Nc3 exf4 8. Bxf4 Nh5 9. Bh2 Nd4 10. O-O O-O 11. Rb1 Be6 12. Bb3 Nxb3 13. axb3 a6 14. g4 Nf6 15. Bg3 Nd7 16. Bh4 Bf6 17. Bg3 Ne5 18. Nxe5 dxe5 19. Qf3 Bg7 20. Rf2 c6 21. Rh2 Qd7 22. Kg2 h6 23. Bf2 1/2-1/2

[Event "30th Klatovy C 2024"]
[Site "Klatovy CZE"]
[Date "2024.06.30"]
[Round "2.18"]
[White "Nussbauer, Ladislav"]
[Black "Hanzlik, Jiri"]
[Result "1/2-1/2"]
[WhiteElo "1652"]
[BlackElo "1712"]
[PlyCount "82"]
[EventDate "2024.06.29"]
[EventType "swiss"]
[EventRounds "9"]
[EventCountry "CZE"]

1. d4 d5 2. c4 c6 3. Nf3 e6 4. e3 Nf6 5. Bd3 Bb4+ 6. Nc3 Nbd7 7. Qc2 h6 8. O-O Qc7 9. a3 Be7 10. Bd2 dxc4 11. Bxc4 Nb6 12. Bd3 Qd6 13. Rac1 Nfd5 14. e4 Nxc3 15. Bxc3 O-O 16. Qe2 Re8 17. Bb1 Qd8 18. Qd3 g6 19. Ne5 Bf6 20. f4 Kg7 21. Rf3 Nd7 22. Nxg6 fxg6 23. e5 Nf8 24. exf6+ Kxf6 25. d5+ Kf7 26. Qd4 Qb6 27. d6 Qxd4+ 28. Bxd4 Nd7 29. Be5 Nb6 30. Rg3 Rg8 31. Rh3 h5 32. Rg3 Nd7 33. b4 a6 34. Rf3 Nf8 35. Kf2 Bd7 36. Ke3 Nh7 37. Kd4 Nf6 38. h3 Ne8 39. Kc5 Nf6 40. Kd4 Nd5 41. Be4 Nf6 1/2-1/2

[Event "30th Klatovy C 2024"]
[Site "Klatovy CZE"]
[Date "2024.06.30"]
[Round "2.19"]
[White "Rezny, Frantisek"]
[Black "Stanke, Vilem"]
[Result "1-0"]
[WhiteElo "1687"]
[BlackElo "1572"]
[PlyCount "51"]
[EventDate "2024.06.29"]
[EventType "swiss"]
[EventRounds "9"]
[EventCountry "CZE"]

1. e4 e5 2. f4 Nc6 3. Nf3 Bd6 4. Bc4 Nf6 5. O-O Nxe4 6. Qe1 Bc5+ 7. Kh1 Nf2+ 8. Rxf2 Bxf2 9. Qxf2 exf4 10. Nd4 Ne5 11. Bb3 Qf6 12. Nc3 O-O 13. Nd5 Qh6 14. Nxf4 c6 15. d3 Qf6 16. Qg3 d5 17. Be3 Ng4 18. c3 Nxe3 19. Qxe3 Bf5 20. Rf1 Qg5 21. Qf3 Be6 22. Kg1 Rad8 23. Nfxe6 fxe6 24. Qxf8+ Rxf8 25. Rxf8+ Kxf8 26. Nxe6+ 1-0

[Event "30th Klatovy C 2024"]
[Site "Klatovy CZE"]
[Date "2024.06.30"]
[Round "2.20"]
[White "Zimmermann, Ladislav"]
[Black "Malik, Zdenek"]
[Result "0-1"]
[WhiteElo "1581"]
[BlackElo "1678"]
[PlyCount "68"]
[EventDate "2024.06.29"]
[EventType "swiss"]
[EventRounds "9"]
[EventCountry "CZE"]

1. e4 c5 2. Nf3 d6 3. d4 cxd4 4. Nxd4 Nf6 5. Nc3 a6 6. b3 Nc6 7. Nf3 e6 8. Ba3 b5 9. e5 dxe5 10. Qxd8+ Kxd8 11. Bxf8 Rxf8 12. O-O-O+ Ke7 13. Ng5 Bb7 14. Nge4 Nxe4 15. Nxe4 Nb4 16. Nc3 Rac8 17. Kb2 Rfd8 18. Rxd8 Kxd8 19. a3 Nd5 20. Nxd5 exd5 21. f3 Ke7 22. Be2 f5 23. g4 f4 24. Bd3 Kf6 25. Re1 Re8 26. Bf5 e4 27. h4 g6 28. Bd7 Re7 29. g5+ Ke5 30. Bg4 e3 31. Kc3 d4+ 32. Kd3 Rc7 33. Rc1 Rc3+ 34. Ke2 d3+ 0-1

[Event "30th Klatovy C 2024"]
[Site "Klatovy CZE"]
[Date "2024.07.02"]
[Round "4.2"]
[White "Zahorbensky, Jaroslav"]
[Black "Provaznik, Jan 1965"]
[Result "1-0"]
[WhiteElo "2032"]
[BlackElo "1589"]
[PlyCount "67"]
[EventDate "2024.06.29"]
[EventType "swiss"]
[EventRounds "9"]
[EventCountry "CZE"]

1. e4 {[%emt 0:00:02]} d6 {[%emt 0:00:12]} 2. d4 {[%emt 0:00:10]} Nf6 {[%emt 0:00:15]} 3. Nc3 {[%emt 0:00:07]} c6 {[%emt 0:00:24]} 4. a4 {[%emt 0:00:14]} a5 {[%emt 0:01:41]} 5. Bg5 {[%emt 0:01:08]} h6 {[%emt 0:03:27]} 6. Bh4 {[%emt 0:00:22]} g5 {[%emt 0:01:53]} 7. Bg3 {[%emt 0:00:02]} Bg7 {[%emt 0:01:19]} 8. Bc4 {[%emt 0:02:29]} Bg4 {[%emt 0:01:46]} 9. f3 {[%emt 0:00:39]} Bh5 {[%emt 0:00:20]} 10. Nge2 {[%emt 0:06:35]} Qb6 {[%emt 0:03:00]} 11. Bf2 {[%emt 0:01:47]} Qb4 {[%emt 0:04:39]} 12. Bb3 {[%emt 0:01:14]} Na6 {[%emt 0:05:29]} 13. Qd2 {[%emt 0:02:40]} Nd7 {[%emt 0:03:09]} 14. Nc1 {[%emt 0:05:00]} Qb6 {[%emt 0:02:51]} 15. O-O {[%emt 0:02:54]} Nb4 {[%emt 0:03:06]} 16. N3e2 {[%emt 0:04:11]} Bg6 {[%emt 0:01:13]} 17. c3 {[%emt 0:03:44]} Na6 {[%emt 0:00:16]} 18. Ra3 {[%emt 0:02:03]} Qc7 {[%emt 0:02:28]} 19. Ng3 {[%emt 0:08:53]} e6 {[%emt 0:03:15]} 20. Nce2 {[%emt 0:03:01]} Qd8 {[%emt 0:03:42]} 21. f4 {[%emt 0:03:50]} g4 {[%emt 0:03:46]} 22. f5 {[%emt 0:02:13]} exf5 {[%emt 0:01:01]} 23. exf5 {[%emt 0:00:15]} Bh7 {[%emt 0:01:07]} 24. Nh5 {[%emt 0:02:39]} O-O {[%emt 0:04:15]} 25. Be3 {[%emt 0:01:36]} Qh4 {[%emt 0:03:35]} 26. Neg3 {[%emt 0:02:22]} Rae8 {[%emt 0:04:16]} 27. Bxh6 {[%emt 0:00:51]} Nf6 {[%emt 0:06:37]} 28. Nxg7 {[%emt 0:07:19]} Ne4 {[%emt 0:03:38]} 29. Nxe4 {[%emt 0:01:35]} Rxe4 {[%emt 0:04:41]} 30. Bg5 {[%emt 0:03:48]} Re2 {[%emt 0:01:41]} 31. Qxe2 {[%emt 0:01:45]} Qxg5 {[%emt 0:00:15]} 32. f6 {[%emt 0:00:05]} d5 {[%emt 0:02:03]} 33. Bd1 {[%emt 0:01:22]} Be4 {[%emt 0:00:45]} 34. Qxg4 {[%emt 0:01:15]} 1-0

[Event "30th Klatovy C 2024"]
[Site "Klatovy CZE"]
[Date "2024.07.02"]
[Round "4.11"]
[White "Truksa, Vaclav"]
[Black "Kriha, Pavel"]
[Result "1/2-1/2"]
[WhiteElo "1818"]
[BlackElo "1877"]
[PlyCount "107"]
[EventDate "2024.06.29"]
[EventType "swiss"]
[EventRounds "9"]
[EventCountry "CZE"]

1. d4 Nf6 2. c4 g6 3. Nc3 d5 4. Nf3 Bg7 5. cxd5 Nxd5 6. e3 O-O 7. Be2 c5 8. O-O Nc6 9. a3 cxd4 10. exd4 Bg4 11. h3 Bxf3 12. Bxf3 e6 13. Nxd5 exd5 14. Be3 Qb6 15. Bxd5 Nxd4 16. Rb1 Rad8 17. Bxd4 Bxd4 18. Qf3 Rd6 19. b3 Rf6 20. Qe2 Rd8 21. Bf3 Re6 22. Qc2 Kg7 23. Rbd1 Red6 24. Qa2 Qb5 25. b4 b6 26. Qc2 Qg5 27. Qd2 Qh4 28. Qc2 h5 29. Rb1 Be5 30. Qe4 Qf6 31. Rbd1 Bd4 32. Qe2 Re6 33. Qc2 Qf4 34. Rd3 Red6 35. Rb3 Be5 36. g3 Qg5 37. h4 Qf6 38. Kg2 Rd2 39. Qe4 R8d4 40. Qc6 Qf5 41. Qb5 Qf6 42. Re3 Bb8 43. Be2 Rd5 44. Qc4 R5d4 45. Qb5 Rd5 46. Qc4 R2d4 47. Qc3 Be5 48. Rf3 Qd6 49. Qb3 Bf6 50. Bc4 Re5 51. Bxf7 Qe7 52. Bg8 Qe8 53. Bc4 Qc6 54. Bg8 1/2-1/2

[Event "30th Klatovy C 2024"]
[Site "Klatovy CZE"]
[Date "2024.07.02"]
[Round "4.12"]
[White "Novy, Jan"]
[Black "Vachal, Josef"]
[Result "0-1"]
[WhiteElo "1599"]
[BlackElo "1858"]
[PlyCount "68"]
[EventDate "2024.06.29"]
[EventType "swiss"]
[EventRounds "9"]
[EventCountry "CZE"]

1. Nf3 Nf6 2. c4 g6 3. b3 Bg7 4. Bb2 O-O 5. g3 c5 6. Bg2 Nc6 7. O-O Re8 8. d3 d6 9. Nbd2 e5 10. Re1 Bd7 11. a3 Qc7 12. Rb1 Rad8 13. b4 a6 14. Qb3 cxb4 15. axb4 b5 16. Ng5 Re7 17. Rec1 h6 18. cxb5 axb5 19. Ngf3 Qb6 20. e3 Rc8 21. Bc3 Be6 22. Qb2 Rec7 23. d4 Nd5 24. e4 Nxc3 25. Rxc3 Nxd4 26. Rxc7 Nxf3+ 27. Nxf3 Qxc7 28. Bf1 Qc6 29. Bd3 f5 30. Nd2 d5 31. f3 fxe4 32. fxe4 Bh3 33. exd5 Qb6+ 34. Kh1 e4 0-1

[Event "30th Klatovy C 2024"]
[Site "Klatovy CZE"]
[Date "2024.07.02"]
[Round "4.13"]
[White "Fiser, Jiri2"]
[Black "Novy, Jaroslav"]
[Result "1-0"]
[WhiteElo "1877"]
[BlackElo "1654"]
[PlyCount "95"]
[EventDate "2024.06.29"]
[EventType "swiss"]
[EventRounds "9"]
[EventCountry "CZE"]

1. e4 e6 2. d4 d5 3. Nd2 c5 4. exd5 Qxd5 5. Ngf3 cxd4 6. Bc4 Qd6 7. O-O Nf6 8. Nb3 Nc6 9. Nbxd4 Nxd4 10. Nxd4 a6 11. Re1 Qc7 12. Bb3 Bd7 13. Bg5 O-O-O 14. Qe2 h6 15. Bh4 Bd6 16. Bg3 Bxg3 17. hxg3 h5 18. Rad1 Ng4 19. c3 e5 20. Nf3 f6 21. Rd2 Bc6 22. Red1 Kb8 23. Nh4 Rxd2 24. Qxd2 Ka7 25. Nf5 Qb6 26. Qe2 g5 27. Ne7 Rd8 28. Nxc6+ bxc6 29. Rxd8 Qxd8 30. Be6 Qb6 31. b3 Qc5 32. Bc8 Qb6 33. Bxg4 hxg4 34. Qxg4 Qd8 35. Qe2 Qd5 36. Kf1 Kb7 37. f3 c5 38. Ke1 f5 39. Qd2 Qxd2+ 40. Kxd2 Kc6 41. Ke3 a5 42. a3 Kd5 43. c4+ Ke6 44. g4 Kf6 45. gxf5 Kxf5 46. g4+ Kf6 47. Ke4 Ke6 48. a4 1-0